More Airports Named for People - Statistics

General Stats
  • This quiz has been taken 721 times
    709 since last reset
  • The average score is 9 of 20
Answer Stats
Hint Answer % Correct
Indira Gandhi International Airport Delhi, India
90%
Louis Armstrong International Airport New Orleans, Louisiana, United States
71%
W. A. Mozart Airport Salzburg,Austria
70%
Pierre Elliott Trudeau International Airport Montréal, Quebec, Canada
69%
John Paul II International Airport Kraków-Balice, Poland
66%
Simón Bolívar International Airport Santa Marta, Colombia OR Maiquetía, Venezuela
60%
Alexander the Great Airport Skopje, Macedonia
54%
Chinggis Khaan International Airport Ulan Bator, Mongolia
50%
Nikola Tesla Airport Belgrade, Serbia
47%
International Airport Nënë Tereza (Mother Teresa) Tirana, Albania
44%
Toussaint Louverture International Airport Port-au-Prince, Haiti
37%
John Wayne Airport Orange County, California, United States
31%
John G. Diefenbaker International Airport Saskatoon, Saskatchewan, Canada
28%
Jimmy Stewart Airport Indiana County, Pennsylvania, United States
27%
Tenzing-Hillary Airport Lukla, Nepal
26%
John C. Munro International Airport Hamilton, Ontario, Canada
25%
Queen Beatrix International Airport Oranjestad, Aruba
22%
Jackson-Evers International Airport Jackson, Mississippi, United States
17%
General Bernardo O'Higgins Airport Chillán, Chile
12%
Cheddi Jagan International Airport Georgetown, Guyana
11%
No matching quizzes found
Score Distribution
Percent of People with Each Score
Percentile by Number Answered
Your Score History
You have not taken this quiz since the last reset